000 00969nam a2200253 a 4500
001 000021515
005 20200930011343.0
008 100908s1997 mx ad r 000 0 spa d
020 _a9701700570
020 _a0136308643
040 _aDO-SdBNP
_bspa
_cBNPHU
041 1 7 _aspa
_2eng
082 _a005.1
_bM379m
100 1 _aMartín, James
_d1933-
_96165
245 1 0 _aMétodos orientados a objetos :
_bconsideraciones prácticas /
_cJames Martín , James J. Odell ; traducción Gabriel Sánchez García.
260 _aJuárez, México :
_bPrentice-Hall Hispanoamericana,
_c1997.
300 _axvi, 560 p. :
_bil., diag. ;
_c24 cm.
500 _aTraducido del inglés de la obra: Object oriented methods, pragmatic considerations. first edition.
650 4 _aProgramación orientada a objetos (computadores)
_95500
650 4 _aIngenieria de software
_944835
700 1 _aOdell, James J.
_997
700 1 _aSánchez García, Gabriel
_etr.
_944836
049 _aBNGR
999 _c21015
_d21015